000 00651nam a2200193Ia 4500
008 240729s9999 xx 000 0 und d
022 _a2654-4644
245 0 _aInternational Journal of Electrical, Energy and Power System Engineering
260 _aIndonesia
260 _bUniversitas Riau
650 _a Electrical engineering. Electronics. Nuclear engineering | Technology
650 _a Industrial engineering. Management engineering
650 _a Information technology
650 _a Technology (General)
650 _aTechnology
856 _uhttps://doaj.org/toc/89643edd4744466fae25c7e3ce381b28
942 _2ddc
942 _cDOAJEJ
999 _c71999
_d71999
945 _a1
_bMadushi Gamage
_c1
_dMadushi Gamage